[Event "Match"]
[Site "www.echecsemail.com"]
[Date "2018.11.23"]
[Round "1"]
[White "Chapi"]
[Black "Tonino1"]
[WhiteElo "2040"]
[BlackElo "2240"]
[Result "0-1"]
[Round "1"]
1.d4 d6
2.Ng1f3 Ng8f6
3.c4 c6
4.Nb1c3 Qd8c7
5.e4 e5
6.d5 c5
7.Bf1e2 g6
8.O-O Bf8g7
9.Nf3g5 h6
10.Ng5h3 Bc8xh3
11.gxh3 O-O
12.f4 exf4
13.Bc1xf4 Nf6d7
14.Nc3b5 Qc7b6
15.Nb5xd6 Nd7e5
16.Nd6b5 a6
17.Nb5a3 Qb6xb2
18.Bf4c1 Qb2xa1
19.Na3c2 Qa1xa2
20.Nc2e3 Nb8d7
21.h4 Qa2a5
22.Rf1f2 b5
23.h5 bxc4
24.Ne3xc4 Ne5xc4
25.Be2xc4 Bg7d4
26.Bc1xh6 Qa5c3
27.Qd1g4 Qc3e1
28.Bc4f1 Qe1xf2
29.Kh1 Qf2xf1
{ resign }
0-1

[Event "Tourn. n9961"]
[Site "www.echecsemail.com"]
[Date "2018.11.23"]
[Round "1"]
[White "Tartan"]
[Black "Rons"]
[WhiteElo "2570"]
[BlackElo "2660"]
[Result "0-1"]
[Round "1"]
1.d4 Ng8f6
2.e3 e6
3.Bf1d3 c5
4.c3 d5
5.Ng1f3 b6
6.Qd1e2 Bf8e7
7.Nb1d2 Nb8c6
8.O-O O-O
9.dxc5 bxc5
10.e4 c4
11.Bd3c2 Qd8c7
12.Rf1e1 a5
13.e5 Nf6d7
14.Nd2f1 Ra8b8
15.Nf1g3 g6
16.Ra1b1 Rf8e8
17.Bc1f4 Bc8a6
18.Qe2d2 Rb8b6
19.Bf4e3 Rb6b7
20.Be3f4 Re8b8
21.b3 Rb8c8
22.Qd2e3 cxb3
23.axb3 Nc6a7
24.c4 Be7c5
25.Qe3e2 Na7c6
26.Rb1d1 Nc6b4
27.Qe2d2 Nb4xc2
28.Qd2xc2 dxc4
29.bxc4 Ba6xc4
30.Ng3e4 Bc4b3
{ resign }
0-1

[Event "Match"]
[Site "www.echecsemail.com"]
[Date "2018.11.23"]
[Round "1"]
[White "Dussek"]
[Black "Euwe1983"]
[WhiteElo "1870"]
[BlackElo "1319"]
[Result "1-0"]
[Round "1"]
1.e4 g5
2.d4 h6
3.Nb1c3 Nb8c6
4.Bc1e3 Ng8f6
5.Qd1d2 Nc6b4
6.O-O-O b6
7.a3 Nb4d3
8.Qd2xd3 a6
9.Ng1f3 Ra8b8
10.h3 g4
11.Nf3e5 gxh3
12.Rh1xh3 b5
13.g4 b4
14.axb4 Rb8a8
15.g5 a5
16.gxf6 axb4
17.fxe7 Qd8xe7
18.Nc3d5 Ra8a1
19.Kd2  { time }
1-0

[Event "1/128 Finale"]
[Site "www.chess-mail.com"]
[Date "2018.11.23"]
[Round "1"]
[White "Jogador49"]
[Black "Guidom"]
[WhiteElo "1499"]
[BlackElo "2100"]
[Result "0-1"]
[Round "1"]
1.b4 e5
2.a3 d5
3.Bc1b2 f6
4.e3 c6
5.c4 Bc8e6
6.cxd5 cxd5
7.g3 Nb8c6
8.Bf1g2 Bf8e7
 { time }
0-1

[Event "1/64 Finale"]
[Site "www.chess-mail.com"]
[Date "2018.11.23"]
[Round "1"]
[White "Bojan"]
[Black "Mitja"]
[WhiteElo "1990"]
[BlackElo "1940"]
[Result "1-0"]
[Round "1"]
1.e4 d5
2.exd5 Qd8xd5
3.Nb1c3 Qd5d8
4.d4 e6
5.Bc1f4 c6
6.Ng1f3 h6
7.Bf1c4 Ng8f6
8.h3 b6
9.Qd1e2 Bc8b7
10.Ra1d1 Nf6d5
11.Bf4d2 Nb8d7
12.Nc3e4 Nd7f6
13.Ne4xf6 Qd8xf6
14.O-O Bf8d6
15.c3 Bd6c7
16.Nf3h2 O-O-O
17.Nh2g4 Qf6e7
18.g3 g5
19.Ng4e5 Rd8g8
20.a4 f6
21.Ne5f3 f5
22.Nf3e5 f4
23.Bc4d3 Bc7xe5
24.dxe5 Qe7g7
25.c4 Nd5e7
26.Rd1c1 h5
27.c5 Ne7d5
28.b4 h4
29.g4 Kc7
30.b5 Qg7d7
31.cxb6 axb6
32.bxc6 Bb7xc6
33.Bd3b5 Nd5e7
34.Rf1d1 Qd7e8
35.Bd2b4 Kb8
36.Bb4xe7 Qe8xe7
37.Rc1xc6 Rg8c8
38.Rc6xb6 { resign }
1-0

[Event "Match"]
[Site "www.echecsemail.com"]
[Date "2018.11.24"]
[Round "1"]
[White "Zack1984"]
[Black "Goofy"]
[WhiteElo "1600"]
[BlackElo "2300"]
[Result "1-0"]
[Round "1"]
1.b4 d6
2.Bc1b2 e5
3.f4 exf4
4.Ng1f3 Ng8f6
5.c4 Nb8c6
6.b5 Nc6e5
7.Qd1c2 Bc8e6
8.Nf3xe5 dxe5
9.g3 fxg3
10.hxg3 { resign }
1-0

[Event "Match"]
[Site "www.echecsemail.com"]
[Date "2018.11.24"]
[Round "1"]
[White "Jovaras"]
[Black "Tonino1"]
[WhiteElo "2170"]
[BlackElo "2140"]
[Result "0-1"]
[Round "1"]
1.e4 d6
2.d4 Ng8f6
3.Nb1c3 c6
4.Bc1e3 Qd8c7
5.Qd1d2 e5
6.O-O-O h6
7.Ng1f3 Nf6g4
8.Bf1c4 Ng4xe3
9.Qd2xe3 g6
10.Rh1e1 Bf8g7
11.Kb1 O-O
12.h3 b5
13.Bc4b3 Nb8d7
14.g4 a5
15.a3 b4
16.Nc3e2 bxa3
17.bxa3 Qc7b8
18.Ka1 exd4
19.Ne2xd4 c5
20.Rd1b1 cxd4
21.Nf3xd4 Qb8a7
22.c3 Bc8a6
23.Bb3d5 Ra8b8
24.Rb1xb8 Rf8xb8
25.Qe3f4 Bg7xd4
26.Qf4xf7 Kh8
27.Qf7xg6 Bd4xc3
28.Ka2 Qa7xf2
{ resign }
0-1

[Event "Tourn. n10005"]
[Site "www.echecsemail.com"]
[Date "2018.11.24"]
[Round "1"]
[White "Fantomas"]
[Black "Tonino1"]
[WhiteElo "2100"]
[BlackElo "2250"]
[Result "0-1"]
[Round "1"]
1.c4 d6
2.d4 Ng8f6
3.Nb1c3 c6
4.Ng1f3 Qd8c7
5.Bc1g5 g6
6.e3 Bf8g7
7.Bf1d3 O-O
8.h3 e5
9.dxe5 dxe5
10.e4 Bc8e6
11.Bg5h4 Nf6h5
12.Nc3e2 Nh5f4
13.Ne2xf4 exf4
14.Qd1e2 h6
15.O-O f6
16.Nf3d4 Be6f7
17.f3 Nb8d7
18.Ra1c1 Nd7c5
19.Bd3b1 f5
20.Bh4f2 fxe4
21.fxe4 Rf8e8
22.Qe2f3 Ra8d8
23.Rf1d1 Qc7e5
24.b3 Nc5xe4
25.Nd4e2 Rd8xd1
26.Rc1xd1 Ne4xf2
27.Kxf2 Qe5b2
28.Rd1e1 Bg7c3
{ resign }
0-1

[Event "Match"]
[Site "www.echecsemail.com"]
[Date "2018.11.24"]
[Round "1"]
[White "Apdash"]
[Black "Goofy"]
[WhiteElo "2270"]
[BlackElo "2330"]
[Result "1-0"]
[Round "1"]
1.e4 d6
2.d4 Ng8f6
3.Nb1c3 Nb8d7
4.Bc1g5 e5
5.Ng1f3 c6
6.dxe5 dxe5
7.h3 Qd8c7
8.Bf1c4 Bf8e7
9.Qd1e2 h6
10.Bg5h4 b5
11.Bc4b3 a5
12.a3 Bc8a6
13.Qe2d2 Ra8d8
14.Qd2e2 Nd7c5
15.Bh4g3 b4
16.Bg3xe5 Qc7b6
17.Qe2e3 bxc3
18.Be5xc3 a4
19.Bb3a2 Nf6xe4
20.Nf3e5 { resign }
1-0

[Event "Tourn. n10010"]
[Site "www.echecsemail.com"]
[Date "2018.11.24"]
[Round "1"]
[White "Apdash"]
[Black "Darko10"]
[WhiteElo "2310"]
[BlackElo "2800"]
[Result "0-1"]
[Round "1"]
1.e4 e5
2.Ng1f3 Nb8c6
3.d4 exd4
4.Nf3xd4 Ng8f6
5.Bc1g5 h6
6.Bg5xf6 Qd8xf6
7.c3 Bf8c5
8.Nd4f3 g5
9.Qd1d5 d6
10.Bf1b5 Bc8d7
11.O-O O-O-O
12.Nb1d2 g4
13.Nf3e1 Bd7e6
14.Qd5h5 Nc6e5
15.a4 a6
16.Bb5e2 Rd8g8
17.Kh1 Rg8g5
18.Qh5h4 Ne5g6
19.Qh4g3 h5
20.Qg3d3 Ng6f4
21.e5 Rg5xe5
22.Nd2e4 Nf4xd3
23.Ne4xf6 Nd3xf2
24.Rf1xf2 Bc5xf2
{ resign }
0-1

[Event "Tourn. n9973"]
[Site "www.echecsemail.com"]
[Date "2018.11.24"]
[Round "1"]
[White "Iko"]
[Black "Julian"]
[WhiteElo "1830"]
[BlackElo "1730"]
[Result "0-1"]
[Round "1"]
1.e4 e5
2.Ng1f3 f5
3.exf5 Nb8c6
4.Bf1b5 d6
5.Bb5xc6 bxc6
6.O-O Bc8xf5
7.d4 e4
8.Nf3d2 Ng8f6
9.Nb1c3 d5
10.Nd2b3 Bf8d6
11.Nb3a5 Bf5d7
12.Bc1g5 O-O
13.Qd1e2 Qd8e8
14.Qe2e3 Nf6g4
15.Qe3e2 Bd6xh2
16.Kh1 Qe8h5
17.g3 Bh2xg3
18.Kg2 Qh5h2

0-1

[Event "Tourn. n10000"]
[Site "www.echecsemail.com"]
[Date "2018.11.24"]
[Round "1"]
[White "Drill64"]
[Black "Drawlward"]
[WhiteElo "2330"]
[BlackElo "2620"]
[Result "0-1"]
[Round "1"]
1.e4 c5
2.Ng1f3 Nb8c6
3.Bf1b5 g6
4.Bb5xc6 dxc6
5.h3 Bf8g7
6.d3 Ng8f6
7.Bc1e3 Nf6xe4
8.Qd1c1 Qd8b6
9.c3 Ne4f6
10.O-O Nf6d5
11.Be3h6 Bg7xh6
12.Qc1xh6 Qb6xb2
13.Qh6g7 Rh8f8
14.Nb1d2 Qb2xc3
15.Qg7xh7 Rf8h8
{ resign }
0-1

[Event "Tourn. n9990"]
[Site "www.echecsemail.com"]
[Date "2018.11.24"]
[Round "1"]
[White "Apdash"]
[Black "Szustan"]
[WhiteElo "2330"]
[BlackElo "2600"]
[Result "0-1"]
[Round "1"]
1.e4 e5
2.Ng1f3 Nb8c6
3.d4 exd4
4.Nf3xd4 Ng8f6
5.Bc1g5 h6
6.Nd4xc6 bxc6
7.Bg5xf6 Qd8xf6
8.c3 Bf8c5
9.Qd1c2 O-O
10.Bf1d3 d5
11.O-O dxe4
12.Bd3xe4 Bc8a6
13.Be4d3 Ba6xd3
14.Qc2xd3 Ra8d8
15.Qd3g3 Rf8e8
16.b4 Bc5xb4
17.Qg3xc7 Bb4c5
18.Qc7g3 Rd8d5
19.a4 Re8e2
20.Nb1a3 Rd5d2
21.Kh1 Re2xf2
22.Rf1e1 Rf2xg2
23.Qg3xg2 Rd2xg2
24.Kxg2 Qf6f2
25.Kh3 Qf2f3
26.Kh4 g5
{ resign }
0-1

[Event "Match"]
[Site "www.echecsemail.com"]
[Date "2018.11.24"]
[Round "1"]
[White "Goofy"]
[Black "Luzhin"]
[WhiteElo "2360"]
[BlackElo "2470"]
[Result "0-1"]
[Round "1"]
1.e4 e6
2.d4 d5
3.Nb1c3 Ng8f6
4.Bc1g5 Bf8e7
5.e5 Nf6d7
6.h4 h6
7.Bg5e3 c5
8.Qd1g4 g6
9.Ng1f3 cxd4
10.Be3xd4 Nb8c6
11.O-O-O Nc6xd4
12.Qg4xd4 a6
13.Bf1d3 Nd7b6
14.Kb1 Bc8d7
15.Nc3e2 Qd8c7
16.c3 Bd7b5
17.Qd4f4 Bb5xd3
18.Rd1xd3 Nb6c4
19.b3 Nc4b6
{ time. }
0-1

[Event "Match"]
[Site "www.echecsemail.com"]
[Date "2018.11.24"]
[Round "1"]
[White "Apdash"]
[Black "Dussek"]
[WhiteElo "2330"]
[BlackElo "1850"]
[Result "1-0"]
[Round "1"]
1.e4 c6
2.d4 d5
3.exd5 cxd5
4.Ng1f3 Ng8f6
5.c4 e6
6.Nb1c3 Bf8b4
7.a3 Bb4xc3
8.bxc3 Nb8d7
9.cxd5 Nf6xd5
10.Qd1c2 Nd7f6
11.Bf1c4 O-O
12.Bc4xd5 Qd8xd5
13.O-O Bc8d7
14.c4 Qd5d6
15.a4 Ra8c8
16.Bc1a3 { resign }
1-0

[Event "1/64 Finale"]
[Site "www.chess-mail.com"]
[Date "2018.11.24"]
[Round "1"]
[White "Bevittsmith"]
[Black "Gvladutz"]
[WhiteElo "2230"]
[BlackElo "2370"]
[Result "0-1"]
[Round "1"]
1.e4 e5
2.Ng1f3 Nb8c6
3.Bf1b5 a6
4.Bb5a4 d6
5.O-O b5
6.Ba4b3 Ng8f6
7.d3 Nc6a5
8.c3 Na5xb3
9.Qd1xb3 Bf8e7
10.h3 O-O
11.Bc1e3 Bc8e6
12.Qb3c2 Nf6d7
13.Nb1d2 f5
14.exf5 Be6xf5
15.Rf1d1 Qd8e8
16.Kh2 d5
17.Nf3g1 c5
18.Nd2f1 c4
19.Nf1g3 Bf5xd3
20.Rd1xd3 cxd3
21.Qc2xd3 Nd7f6
22.Ng1e2 Qe8c6
23.Ra1f1 Nf6e4
24.Ng3xe4 dxe4
25.Qd3c2 Be7h4
26.Ne2g3 Bh4xg3
27.Kxg3 Qc6c4
28.Rf1d1 Qc4xa2
29.Qc2xe4 Qa2xb2
30.Qe4xe5 Qb2a2
31.Rd1d2 Qa2f7
32.Be3d4 Ra8e8
33.Qe5g5 h6
34.Qg5g4 Qf7c7
{ resign }
0-1

[Event "Fast Game"]
[Site "www.echecsemail.com"]
[Date "2018.11.24"]
[Round "1"]
[White "Fabos12"]
[Black "Apdash"]
[WhiteElo "1730"]
[BlackElo "1810"]
[Result "0-1"]
[Round "1"]
1.d4 d5
2.Ng1f3 Nb8c6
3.c3 e5
4.e3 Bc8g4
5.Bf1e2 e4
6.Nf3d2 Bg4xe2
7.Qd1xe2 Qd8g5
8.O-O Bf8d6
9.f4 Qg5f5
10.b3 Ng8f6
11.Rf1e1 h6
12.Nd2f1 g5
13.Nf1g3 Qf5g6
14.f5 Qg6h7
15.Re1f1 h5
16.b4 h4
17.Ng3h1 O-O-O
18.a4 Rd8g8
19.Nb1d2 g4
20.Bc1a3 Nc6e7
21.c4 Ne7xf5
22.c5 Bd6xh2
23.Kxh2 g3
24.Kh3 { time. }
0-1

[Event "Tourn. n10000"]
[Site "www.echecsemail.com"]
[Date "2018.11.25"]
[Round "1"]
[White "Rons"]
[Black "Apdash"]
[WhiteElo "2630"]
[BlackElo "2330"]
[Result "1-0"]
[Round "1"]
1.e4 c5
2.Ng1f3 d6
3.d4 cxd4
4.Nf3xd4 Nb8c6
5.Nb1c3 a6
6.Nd4xc6 bxc6
7.Qd1f3 Bc8b7
8.Bf1c4 e6
9.O-O d5
10.Bc4b3 d4
11.Nc3e2 Ng8f6
12.e5 Nf6d7
13.Ne2xd4 Nd7xe5
14.Qf3e4 Bf8d6
15.Nd4xe6 fxe6
16.Bc1f4 Qd8f6
17.Ra1e1 Ne5f3
18.Qe4xf3 e5
19.Qf3h5 g6
20.Bf4xe5 Bd6xe5
21.Re1xe5 Kd7
22.Qh5g4 Kc7
23.Qg4g3 Kb6
24.Qg3e3 Kc7
25.Re5e7 Kb8
26.Rf1d1 a5
27.Qe3g3 Ka7
28.Re7xb7 Kxb7
29.Rd1d7 Kb6
30.Qg3c7 Kc5
31.Rd7d5 { resign }
1-0

[Event "Tourn. n9996"]
[Site "www.echecsemail.com"]
[Date "2018.11.25"]
[Round "1"]
[White "Yakke"]
[Black "Hansen"]
[WhiteElo "1700"]
[BlackElo "1630"]
[Result "0-1"]
[Round "1"]
1.e4 d5
2.Nb1c3 Ng8f6
3.e5 Nf6g4
4.Qd1f3 d4
5.Bf1c4 Ng4xe5
6.Qf3h5 Ne5xc4
7.Nc3d5 { time. }
0-1

[Event "Tourn. n9948"]
[Site "www.echecsemail.com"]
[Date "2018.11.25"]
[Round "1"]
[White "Roque1"]
[Black "Alcon"]
[WhiteElo "1820"]
[BlackElo "1709"]
[Result "1-0"]
[Round "1"]
1.e4 c5
2.Ng1f3 Nb8c6
3.Bf1b5 e6
4.Nb1c3 Ng8e7
5.O-O a6
6.Bb5xc6 Ne7xc6
7.d3 Bf8e7
8.Bc1e3 O-O
9.Qd1d2 b5
10.b3 d5
11.exd5 exd5
12.Nc3e2 Bc8g4
13.Ne2g3 Bg4xf3
14.gxf3 d4
15.Be3f4 g5
16.Ng3f5 gxf4
17.Qd2xf4 Be7g5
18.Qf4g3 Kh8
19.Kh1 Qd8f6
20.Nf5d6 Bg5f4
21.Nd6e4 Qf6e5
22.Qg3h4 Rf8g8
23.Ne4f6 Rg8g7
24.Rf1g1 Bf4g5
25.f4 Bg5xf6
26.Qh4h6 Qe5f5
27.Rg1xg7 Bf6xg7
28.Qh6xc6 Ra8d8
29.Ra1e1 Qf5d5
30.Qc6xd5 Rd8xd5
{ time. }
1-0

[Event "Match"]
[Site "www.echecsemail.com"]
[Date "2018.11.25"]
[Round "1"]
[White "Aiko1603"]
[Black "Jaguar91"]
[WhiteElo "2090"]
[BlackElo "2170"]
[Result "1-0"]
[Round "1"]
1.c4 e5
2.Nb1c3 Ng8f6
3.g3 c6
4.Bf1g2 d5
5.cxd5 cxd5
6.d3 h6
7.Ng1f3 Nb8c6
8.O-O Bf8c5
9.Bc1e3 d4
10.Nc3a4 dxe3
11.Na4xc5 exf2
12.Rf1xf2 Qd8b6
13.Nc5b3 Nf6g4
14.Qd1f1 O-O
15.h3 Ng4xf2
16.Qf1xf2 Qb6c7
17.Ra1c1 f5
18.Qf2c5 e4
19.Nf3e5 Qc7xe5
20.Qc5xe5 Nc6xe5
21.dxe4 fxe4
22.Bg2xe4 Bc8xh3
23.Be4xb7 Ra8e8
24.Nb3d4 Ne5g4
25.Bb7f3 Re8c8
26.Rc1e1 Rc8c4
27.Bf3d5 Kh8
28.Bd5xc4 Rf8f2
29.Bc4d5 Rf2f8
30.Bd5g2 Bh3xg2
31.Kxg2 Rf8f2
32.Kg1 Rf2f7
33.e4 Ng4e5
34.Re1e2 Rf7d7
35.Nd4f5 Rd7d1
36.Kf2 { resign }
1-0

[Event "Match"]
[Site "www.echecsemail.com"]
[Date "2018.11.25"]
[Round "1"]
[White "Apdash"]
[Black "Iko"]
[WhiteElo "2350"]
[BlackElo "1800"]
[Result "1-0"]
[Round "1"]
1.e4 e5
2.Ng1f3 Nb8c6
3.d4 d6
4.d5 Nc6e7
5.c4 Bc8g4
6.Bf1e2 Bg4xf3
7.Be2xf3 Qd8d7
8.O-O O-O-O
9.Bc1g5 f6
10.Bg5h4 Ne7g6
11.Bf3g4 f5
12.Bg4xf5 Qd7xf5
13.exf5 Ng6xh4
14.Qd1g4 Bf8e7
15.f6 Kb8
16.fxe7 Ng8xe7
17.Qg4xh4 Ne7f5
18.Qh4e4 Rh8f8
19.Nb1c3 Rf8f6
20.f4 h6
21.fxe5 Rd8e8
22.Rf1xf5 b6
23.e6 Rf6xf5
24.Qe4xf5 Re8g8
25.e7 Rg8e8
26.Qf5d7 Re8c8
27.e8R Rc8xe8
28.Qd7xe8 Kb7
29.Qe8c6 Ka6
30.Qc6xc7 g5
31.b4 b5
32.Qc7c6 
1-0

[Event "Tourn. n9961"]
[Site "www.echecsemail.com"]
[Date "2018.11.25"]
[Round "1"]
[White "Ejner"]
[Black "Foxy100"]
[WhiteElo "2430"]
[BlackElo "2330"]
[Result "1/2-1/2"]
[Round "1"]
1.Ng1f3 Ng8f6
2.c4 e6
3.Nb1c3 c5
4.g3 Nb8c6
5.Bf1g2 Bf8e7
6.O-O O-O
7.d4 cxd4
8.Nf3xd4 a6
9.b3 h6
10.Bc1b2 Qd8a5
11.e4 Ra8b8
12.Rf1e1 d6
13.Re1e2 Nc6xd4
14.Qd1xd4 e5
15.Qd4d2 Qa5c5
16.a4 Bc8e6
17.Bb2a3 Qc5c7
18.Qd2b2 Rb8c8
19.Re2d2 Rf8d8
20.Ra1c1 Qc7b6
21.Rd2c2 Rd8e8
22.Nc3d5 Nf6xd5
23.cxd5 Rc8xc2
24.Rc1xc2 Be6d7
25.Rc2c4 Re8c8
26.Rc4xc8 { draw }
1/2-1/2

[Event "Tourn. n10011"]
[Site "www.echecsemail.com"]
[Date "2018.11.25"]
[Round "1"]
[White "Yarkov"]
[Black "Apdash"]
[WhiteElo "2030"]
[BlackElo "2290"]
[Result "1-0"]
[Round "1"]
1.e4 c5
2.Ng1f3 d6
3.d4 cxd4
4.Nf3xd4 Nb8c6
5.Nb1c3 g6
6.Bc1e3 Bf8g7
7.Qd1d2 a6
8.O-O-O Qd8a5
9.Kb1 Bc8d7
10.Bf1e2 b5
11.f4 b4
12.Nc3d5 Ra8c8
13.Nd4b3 Bg7c3
14.Qd2c1 Nc6d4
15.Be3xd4 Qa5a4
16.bxc3 { resign }
1-0

[Event "Match"]
[Site "www.echecsemail.com"]
[Date "2018.11.26"]
[Round "1"]
[White "Tonino1"]
[Black "Guidom"]
[WhiteElo "2250"]
[BlackElo "2110"]
[Result "1-0"]
[Round "1"]
1.d4 d5
2.Ng1f3 c6
3.e3 Bc8g4
4.Bf1d3 Ng8f6
5.h3 Bg4h5
6.O-O e6
7.Nb1d2 Bf8d6
8.c3 Nb8d7
9.g4 Nf6xg4
10.hxg4 Bh5xg4
11.Kg2 Qd8f6
12.e4 Bd6f4
13.e5 Qf6e7
14.Bd3e2 f5
15.Rf1h1 h5
16.Nf3h4 Qe7g5
17.Kf1 c5
18.f3 Bf4e3
19.fxg4 hxg4
20.Qd1e1 O-O-O
21.Nd2b3 Rh8xh4
22.Rh1xh4 g3
23.Bc1xe3 Qg5xh4
24.Be2f3 f4
25.Be3g1 g5
26.Qe1e2 c4
27.Nb3c5 Nd7xc5
28.dxc5 Qh4h3
29.Qe2g2 Qh3h4
30.Qg2h1 Rd8h8
31.Qh1xh4 gxh4
32.Bf3g4 Kd7
33.Kg2 Ke7
34.Ra1f1 Rh8f8
35.Kh3 a6
36.Kxh4 { resign }
1-0

[Event "Tourn. n9963"]
[Site "www.echecsemail.com"]
[Date "2018.11.26"]
[Round "1"]
[White "Hundegana"]
[Black "Apdash"]
[WhiteElo "2040"]
[BlackElo "2270"]
[Result "0-1"]
[Round "1"]
1.b4 e5
2.Bc1b2 d6
3.e3 Ng8f6
4.Bf1d3 g6
5.Ng1e2 Bf8g7
6.O-O Bc8e6
7.f4 e4
8.Bd3b5 c6
9.Bb5a4 O-O
10.Ne2g3 Be6g4
11.Qd1e1 a5
12.b5 Qd8b6
13.c4 Nb8d7
14.Bb2d4 c5
15.Bd4c3 Qb6c7
16.h3 Bg4e6
17.Nb1a3 Nd7b6
18.Ba4c2 Nb6xc4
19.Na3xc4 Be6xc4
20.a4 Bc4xf1
21.Qe1xf1 d5
22.Bc3e5 Qc7b6
23.Kh1 Nf6d7
24.Be5xg7 Kxg7
25.Ra1a3 f5
26.Qf1a1 Qb6f6
27.Qa1a2 Nd7b6
28.d3 Rf8d8
29.Kh2 Ra8c8
30.Ng3e2 exd3
31.Bc2xd3 Rd8e8
32.Bd3b1 Nb6c4
33.Ra3c3 Re8xe3
34.Rc3xe3 Nc4xe3
35.Kg3 c4
36.Kf3 d4
37.g3 Rc8e8
38.Qa2d2 d3
39.Bb1xd3 cxd3
40.Qd2xd3 Qf6e6
41.Qd3c3 Kg8
42.Qc3xa5 Qe6e4
43.Kf2 Qe4g2
44.Ke1 Qg2f1
45.Kd2 Ne3c4
46.Kd3 Qf1xe2
47.Kd4 Nc4xa5
48.g4 Qe2c4

0-1

[Event "Match"]
[Site "www.echecsemail.com"]
[Date "2018.11.26"]
[Round "1"]
[White "Stevefillion"]
[Black "Liencam2"]
[WhiteElo "2380"]
[BlackElo "2330"]
[Result "1-0"]
[Round "1"]
1.e4 c5
2.Ng1f3 e6
3.d4 cxd4
4.Nf3xd4 a6
5.Bf1d3 Ng8f6
6.O-O d6
7.c4 b6
8.Nb1c3 Bc8b7
9.f4 g6
10.Qd1e2 Bf8g7
11.Kh1 Nb8d7
12.f5 e5
13.Nd4f3 Nd7c5
14.Bd3c2 Qd8c7
15.Bc1g5 O-O
16.Ra1d1 h6
17.Bg5c1 Qc7c6
18.Nc3d5 Ra8e8
19.Bc1xh6 Nf6xd5
20.exd5 Qc6d7
21.Bh6xg7 Kxg7
22.b4 e4
23.bxc5 exf3
24.Qe2xf3 bxc5
25.f6 Kg8
26.Qf3f4 Qd7f5
27.Bc2xf5 { resign }
1-0

[Event "Tourn. n9998"]
[Site "www.echecsemail.com"]
[Date "2018.11.26"]
[Round "1"]
[White "Bevittsmith"]
[Black "Fantomas"]
[WhiteElo "2200"]
[BlackElo "2120"]
[Result "1-0"]
[Round "1"]
1.e4 c6
2.Nb1c3 d5
3.Ng1f3 e6
4.d4 Nb8d7
5.Bf1d3 h6
6.O-O dxe4
7.Nc3xe4 Nd7f6
8.Ne4xf6 Ng8xf6
9.Bc1d2 Bf8d6
10.Nf3e5 c5
11.Bd3b5 Ke7
12.Bd2c3 Qd8c7
13.Qd1e2 a6
14.Bb5d3 b5
15.dxc5 Qc7xc5
16.Ra1e1 Bc8b7
17.Ne5xf7 { resign }
1-0

[Event "Tourn. n9922"]
[Site "www.echecsemail.com"]
[Date "2018.11.26"]
[Round "1"]
[White "Rons"]
[Black "Marbachess"]
[WhiteElo "2630"]
[BlackElo "2550"]
[Result "1/2-1/2"]
[Round "1"]
1.e4 e6
2.d4 c5
3.Ng1f3 cxd4
4.Nf3xd4 a6
5.c4 Ng8f6
6.Nb1c3 Qd8c7
7.Bf1e2 b6
8.O-O Bc8b7
9.Qd1d3 Nb8c6
10.Nd4xc6 Bb7xc6
11.Bc1e3 Bf8b4
12.Ra1c1 Bb4c5
13.f4 d6
14.Be3xc5 bxc5
15.Rc1d1 Ra8d8
16.e5 dxe5
17.Qd3xd8 Qc7xd8
18.Rd1xd8 Kxd8
19.fxe5 Nf6d7
20.Rf1xf7 g6
21.Rf7g7 Ke8
22.Be2f3 Bc6xf3
23.gxf3 Nd7xe5
24.Nc3e4 Ne5f7
25.Ne4xc5 Ke7
26.Nc5d7 Rh8d8
27.Nd7e5 Kf6
28.Rg7xf7 Kxe5
29.b4 Rd8d4
30.b5 axb5
31.cxb5 Rd4b4
32.Rf7b7 h5
33.b6 Rb4b1
34.Kf2 Rb1b2
35.Kg3 Rb2xa2
36.Rb7f7 Ra2b2
37.b7 Rb2b4
38.Kf2 Kd6
39.Rf7g7 h4
40.Kg2 Kd5
41.Rg7d7 Kc6
42.Rd7f7 e5
43.Kh3 Kd6
44.Rf7f6 Kd5
45.Rf6xg6 Rb4xb7
46.Kxh4 Rb7f7
47.Kg4 Kd4
48.Rg6g5 e4
49.fxe4 Kxe4
50.Rg5g8 Rf7f4
51.Kg3 Rf4f3
52.Kg2 Rf3f7
53.Rg8g4 Kf5
54.Kg3 Rf7b7
55.Rg4f4 Kg5
56.Rf4f3 Kh5
57.Rf3f5 Kg6
58.Rf5f8 Rb7b3
59.Kg4 Rb3b4
60.Rf8f4 Rb4xf4
{ draw }
1/2-1/2

[Event "Match"]
[Site "www.echecsemail.com"]
[Date "2018.11.26"]
[Round "1"]
[White "Erno"]
[Black "Cal"]
[WhiteElo "1349"]
[BlackElo "1760"]
[Result "1-0"]
[Round "1"]
1.d4 d5
2.c4 dxc4
3.e3 e6
4.Bf1xc4 a6
5.Ng1f3 Nb8c6
6.O-O h6
7.e4 Ng8f6
8.d5 exd5
9.exd5 Nc6b4
10.Qd1a4 Bc8d7
11.Rf1e1 Bf8e7
12.Qa4xb4 a5
13.Qb4xb7 O-O
14.Bc1f4 Be7d6
15.Bf4xd6 cxd6
16.Nb1c3 Ra8b8
17.Qb7a7 Rb8xb2
18.Bc4b3 Nf6e8
19.Nc3d1 Rb2xb3
20.axb3 Ne8c7
21.Ra1xa5 Nc7b5
22.Qa7a6 Qd8c7
23.Ra5xb5 Bd7xb5
24.Qa6xb5 f6
25.Nf3d4 Qc7a7
26.Nd4e6 Rf8b8
27.Qb5a4 Qa7b7
28.Nd1e3 Kf7
29.Qa4g4 Rb8g8
30.Qg4h5 Ke7
31.Ne3f5 Kd7
32.Qh5f7 { resign }
1-0

[Event "Tourn. n10001"]
[Site "www.echecsemail.com"]
[Date "2018.11.26"]
[Round "1"]
[White "Cemaah"]
[Black "Picifarkinca"]
[WhiteElo "1859"]
[BlackElo "1840"]
[Result "1-0"]
[Round "1"]
1.e4 c6
2.d4 d5
3.exd5 cxd5
4.Bf1d3 Nb8c6
5.c3 Ng8f6
6.Bc1f4 e6
7.Ng1f3 Bf8d6
8.Bf4xd6 Qd8xd6
9.O-O O-O
10.Rf1e1 Qd6f4
11.Nb1d2 Bc8d7
12.Nf3e5 h6
13.g3 { resign }
1-0

[Event "Tourn. n10004"]
[Site "www.echecsemail.com"]
[Date "2018.11.26"]
[Round "1"]
[White "Gimmyg"]
[Black "Tonino1"]
[WhiteElo "2580"]
[BlackElo "2250"]
[Result "1-0"]
[Round "1"]
1.Nb1c3 d6
2.d4 Ng8f6
3.e4 c6
4.Ng1f3 Qd8c7
5.e5 dxe5
6.dxe5 Nf6g4
7.Bc1f4 Nb8d7
8.Qd1e2 e6
9.O-O-O f6
10.Nf3d4 fxe5
11.Nd4xe6 Qc7a5
12.Qe2xg4 exf4
13.Bf1c4 Nd7e5
14.Ne6xg7 Ke7
15.Qg4g5 
1-0

[Event "1/64 Finale"]
[Site "www.chess-mail.com"]
[Date "2018.11.26"]
[Round "1"]
[White "Traub"]
[Black "Guidom"]
[WhiteElo "1670"]
[BlackElo "2100"]
[Result "0-1"]
[Round "1"]
1.e4 e5
2.Ng1f3 Nb8c6
3.Bf1b5 a6
4.Bb5a4 Ng8f6
5.O-O d6
6.Rf1e1 Bf8e7
7.d4 b5
8.Ba4b3 O-O
9.c3 Bc8g4
10.Qd1d3 exd4
11.cxd4 { time. }
0-1

[Event "Tourn. n9971"]
[Site "www.echecsemail.com"]
[Date "2018.11.27"]
[Round "1"]
[White "Scasan55"]
[Black "Fabos12"]
[WhiteElo "1950"]
[BlackElo "1980"]
[Result "1-0"]
[Round "1"]
1.e4 e6
2.d4 Nb8c6
3.Ng1f3 d5
4.e5 f6
5.Bf1b5 a6
6.Bb5xc6 bxc6
7.O-O a5
8.a3 Bf8e7
9.exf6 Ng8xf6
10.Nf3e5 Bc8b7
11.Bc1g5 O-O
12.Nb1c3 c5
13.Bg5xf6 Be7xf6
14.Ne5f3 cxd4
15.Nf3xd4 c5
16.Nd4b5 Bb7a6
17.a4 Ra8b8
18.Qd1g4 Rf8e8
19.Rf1e1 Rb8b6
20.Re1e3 d4
21.Re3d3 dxc3
22.Rd3xd8 Re8xd8
23.bxc3 Kf7
24.Nb5c7 Rb6d6
{ time. }
1-0

[Event "Tourn. n9999"]
[Site "www.echecsemail.com"]
[Date "2018.11.27"]
[Round "1"]
[White "Malbertan"]
[Black "Erno"]
[WhiteElo "1930"]
[BlackElo "1969"]
[Result "0-1"]
[Round "1"]
1.e4 c5
2.Ng1f3 d6
3.d4 cxd4
4.Nf3xd4 Ng8f6
5.Nb1c3 a6
6.f4 e5
7.Nd4f3 Nb8d7
8.Bf1c4 b5
9.Bc4b3 Bf8e7
10.O-O Bc8b7
11.Bc1e3 O-O
12.Nf3d2 Nd7c5
13.Be3xc5 dxc5
14.fxe5 Qd8d4
15.Kh1 Qd4xe5
16.Nd2f3 Qe5h5
17.e5 Ra8d8
18.Qd1e2 Nf6g4
19.Nc3e4 c4
20.h3 cxb3
21.cxb3 Ng4xe5
22.Ra1e1 Ne5xf3
23.Rf1xf3 f5
24.Ne4g3 Bb7xf3
25.Qe2xe7 Qh5xh3
{ resign }
0-1

[Event "Tourn. n9939"]
[Site "www.echecsemail.com"]
[Date "2018.11.27"]
[Round "1"]
[White "Tartan"]
[Black "Cathar"]
[WhiteElo "2600"]
[BlackElo "2280"]
[Result "1-0"]
[Round "1"]
1.e4 e5
2.Ng1f3 Nb8c6
3.Bf1b5 a6
4.Bb5a4 Ng8f6
5.O-O b5
6.Ba4b3 Bf8c5
7.a4 Ra8b8
8.c3 d6
9.d4 Bc5b6
10.axb5 axb5
11.Nb1a3 O-O
12.Na3xb5 Bc8g4
13.Bb3c2 exd4
14.Nb5xd4 Nc6xd4
15.cxd4 Bg4xf3
16.gxf3 Nf6h5
17.Rf1e1 Qd8h4
18.Qd1d2 h6
19.Ra1a4 Rf8e8
20.Kh1 Re8e6
21.e5 Qh4h3
22.Ra4a3 dxe5
23.f4 Qh3h4
24.dxe5 Bb6xf2
25.Re1d1 Bf2g3
26.Qd2g2 Bg3xf4
27.Ra3h3 { resign }
1-0

[Event "Tourn. n9977"]
[Site "www.echecsemail.com"]
[Date "2018.11.27"]
[Round "1"]
[White "Luban"]
[Black "Fabos12"]
[WhiteElo "2050"]
[BlackElo "2010"]
[Result "1-0"]
[Round "1"]
1.d4 e6
2.c4 Nb8c6
3.e3 Ng8f6
4.a3 d5
5.Ng1f3 h6
6.Bf1d3 Bf8e7
7.O-O b6
8.Nb1c3 Ra8b8
9.Rf1e1 a6
10.Qd1e2 dxc4
11.Bd3xc4 b5
12.Bc4d3 Nf6d5
13.Bc1d2 O-O
14.e4 Nd5b6
15.Bd2e3 Kh8
16.Ra1d1 f5
17.d5 exd5
18.Be3xb6 fxe4
19.Bd3xe4 cxb6
20.Be4xd5 Bc8b7
{ time. }
1-0

[Event "Tourn. n10005"]
[Site "www.echecsemail.com"]
[Date "2018.11.27"]
[Round "1"]
[White "Tonino1"]
[Black "Bojan"]
[WhiteElo "2270"]
[BlackElo "2020"]
[Result "1-0"]
[Round "1"]
1.d4 d5
2.Ng1f3 c6
3.e3 g6
4.Nb1d2 Bf8g7
5.Bf1d3 Ng8f6
6.O-O Qd8d6
7.c3 Nb8d7
8.Qd1e2 c5
9.b3 a6
10.Bc1b2 b5
11.e4 c4
12.Bd3c2 Nd7b6
13.e5 Qd6c7
14.exf6 Bg7xf6
15.Rf1e1 Bc8e6
16.Nd2f1 a5
17.Nf1g3 h5
18.Bc2xg6 h4
19.Qe2xe6 fxg6
20.Qe6xf6 { resign }
1-0